Word Ladder: Animals on the Farm Quiz Stats

 Plays Quiz Updated Apr 2, 2014

Support Sporcle.
Go Orange.
Score 0/22 Timer 02:00
0 Plays Today
Clue 4-Letter Word % Correct
Paint layerCOAT
91%
Unwanted Santa giftCOAL
90.9%
Coastal city, perhapsPORT
89.8%
Mud, grime, dust, soil, etc...DIRT
89.5%
Indianapolis athleteCOLT
88.3%
Baby horseFOAL
87.8%
Bus moneyFARE
87.5%
Split in twoPART
87.3%
Female horseMARE
87%
Tampa Bay skater, slangilyBOLT
85.2%
Pub projectileDART
84.8%
Clue 4-Letter Word % Correct
In greater quantityMORE
84.6%
Tom or bull, e.g.MALE
83%
Make a sulky facePOUT
82.7%
Classical elementFIRE
81%
Boxing matchBOUT
79.7%
Urgent; desperateDIRE
77.6%
Enemy spyMOLE
76.9%
DelayedLATE
74.2%
A young sheepLAMB
73.2%
UncoolLAME
72.1%
Companion, perhapsMATE
71.8%

Today's Daily Dose

You're not logged in!

Compare scores with friends on all Sporcle quizzes.
OR
Log In

From the Vault

Earliest 'Legal' Letter

by Scott

Apparently the law applies to the alphabet, too.
Remove Ads.
Support Sporcle.
Get the best of Sporcle when you Go Orange. This ad-free experience offers more features, more stats, and more fun while also helping to support Sporcle. Thank you for becoming a member.

Show Comments

Extras

Top Quizzes Today


Score Distribution

Your Account Isn't Verified!

In order to create a playlist on Sporcle, you need to verify the email address you used during registration. Go to your Sporcle Settings to finish the process.

Report this User

Report this user for behavior that violates our Community Guidelines.

Details: